Statistics for Which continent is it in #3

Click here to take the quiz!

General Stats

  • This quiz has been taken 415 times
  • The average score is 19 of 20

Answer Stats

HintAnswer% Correct
JapanAsia
98%
United KingdomEurope
98%
FinlandEurope
97%
SingaporeAsia
96%
New ZealandOceania
96%
SomaliaAfrica
95%
MongoliaAsia
95%
VenezuelaSouth America
95%
GabonAfrica
94%
LesothoAfrica
93%
San MarinoEurope
93%
SerbiaEurope
93%
The BahamasNorth America
93%
Cape VerdeAfrica
92%
BarbadosNorth America
92%
HaitiNorth America
91%
TunisiaAfrica
90%
Costa RicaNorth America
90%
VanuatuOceania
90%
BruneiAsia
88%

Score Distribution

Percentile by Number Answered

Percent of People with Each Score

Your Score History

You have not taken this quiz